Financial Management of Firms and Financial Institutions 12th International Scientific Conference

Uložené v:
Podrobná bibliografia
Korporácia: Financial Management of Firms and Financial Institutions. International Scientific Conference, Ekonomická fakulta VŠB - Technická univerzita Ostrava. Katedra financí
Ďalší autori: Čulík, Miroslav, Borovcová, Martina, Dluhošová, Dana, Dvoroková, Kateřina
Médium: Kniha
Jazyk:English
Vydavateľské údaje: Ostrava VŠB - Technická univerzita Ostrava 2019
Vydanie:1st Edition
Predmet:
Tagy: Pridať tag
Žiadne tagy, Buďte prvý, kto otaguje tento záznam!

MARC

LEADER 00000nlm a2200000 4500
001 0260842
005 20240822101708.0
020 |a 978-80-248-4344-5 
022 |a 2336-162X 
041 0 |a eng 
044 |a CZ 
245 1 0 |a Financial Management of Firms and Financial Institutions  |b 12th International Scientific Conference  |c Edited by: Miroslav Čulík ; Reviewed by: Martina Borovcová .. [et al.] 
250 |a 1st Edition 
264 1 |a Ostrava  |b VŠB - Technická univerzita Ostrava  |c 2019 
300 |a 298 s. 
610 2 0 |a manažment finančný 
610 2 0 |a firmy 
610 2 0 |a inštitúcie finančné 
700 1 |a Čulík, Miroslav 
700 1 |a Borovcová, Martina 
700 1 |a Dluhošová, Dana 
700 1 |a Dvoroková, Kateřina 
110 2 |a Financial Management of Firms and Financial Institutions. International Scientific Conference 
710 2 |a Ekonomická fakulta VŠB - Technická univerzita Ostrava. Katedra financí